000 00814nam a2200253Ia 4500
003 OSt
005 20220918170441.0
006 a|||||r|||| 00| 0
007 ta
008 220917b |||||||| |||| 00| 0 eng d
020 _a9780230295438 (hbk)
_c4781.69
024 _a263,503
037 _b024/2012-13, 12/07/2012, Pioneer Book Distributors
_cTextual
040 _aARTS
_cARTS
_beng
041 _2eng
_aeng
082 _aV5:194.P1, Q2
100 _aHeo Seunghoon Emilia
_929115
245 0 _aReconciling enemy states in Europe and Asia
260 _aNew York
_bPalgrave Macmillan U.S.A
_c2012
300 _axii,194p.
_ccm.
650 _aHISTORY
942 _hV5:194.P1, Q2
_cTEXL
_2CC
999 _c134186
_d134186